Normal view MARC view
  • Holography

Entry Topical Term

Number of records used in: 3

001 - CONTROL NUMBER

  • control field: 37117

003 - CONTROL NUMBER IDENTIFIER

  • control field: OSt

005 - DATE AND TIME OF LATEST TRANSACTION

  • control field: 20150112152344.0

008 - FIXED-LENGTH DATA ELEMENTS

  • fixed length control field: 150112|| aca||babn | a|a d

040 ## - CATALOGING SOURCE

  • Original cataloging agency: OSt

150 ## - HEADING--TOPICAL TERM

  • Topical term or geographic name as entry element: Holography

450 ## - SEE FROM TRACING--TOPICAL TERM

  • Topical term or geographic name entry element: Laser photography

450 ## - SEE FROM TRACING--TOPICAL TERM

  • Topical term or geographic name entry element: Lensless photography

450 ## - SEE FROM TRACING--TOPICAL TERM

  • Topical term or geographic name entry element: Photography, Lensless

450 ## - SEE FROM TRACING--TOPICAL TERM

  • Topical term or geographic name entry element: Wavefront reconstruction imaging

550 ## - SEE ALSO FROM TRACING--TOPICAL TERM

  • Topical term or geographic name entry element: Diffraction

550 ## - SEE ALSO FROM TRACING--TOPICAL TERM

  • Topical term or geographic name entry element: Holographic interferometry

550 ## - SEE ALSO FROM TRACING--TOPICAL TERM

  • Topical term or geographic name entry element: Interference (Light)

550 ## - SEE ALSO FROM TRACING--TOPICAL TERM

  • Topical term or geographic name entry element: Interferometry

550 ## - SEE ALSO FROM TRACING--TOPICAL TERM

  • Topical term or geographic name entry element: Laser recording

550 ## - SEE ALSO FROM TRACING--TOPICAL TERM

  • Topical term or geographic name entry element: Photonics

550 ## - SEE ALSO FROM TRACING--TOPICAL TERM

  • Topical term or geographic name entry element: Speckle metrology

550 ## - SEE ALSO FROM TRACING--TOPICAL TERM

  • Topical term or geographic name entry element: Three-dimensional display systems